Catálogo

Vista normal Vista MARC

Entrada Personal Name

Número de registros utilizados en: 2

001 - CONTROL NUMBER

  • control field: 16755

003 - CONTROL NUMBER IDENTIFIER

  • control field: DLC

005 - DATE AND TIME OF LATEST TRANSACTION

  • control field: 20250217111946.0

008 - FIXED-LENGTH DATA ELEMENTS

  • fixed length control field: 160405n| azannaabn |a aaa c

010 ## - LIBRARY OF CONGRESS CONTROL NUMBER

  • LC control number: no2016046348

024 7# - OTHER STANDARD IDENTIFIER

  • Standard number or code: 0000000454477605
  • Source of number or code: isni

035 ## - SYSTEM CONTROL NUMBER

  • System control number: (OCoLC)oca10438299

040 ## - CATALOGING SOURCE

  • Original cataloging agency: NcGU
  • Language of cataloging: spa
  • Description conventions: rda
  • Transcribing agency: Mx-PuUPA
  • Modifying agency: NL-TiUL
  • Modifying agency: Mx-PuUPA

100 1# - HEADING--PERSONAL NAME

  • Personal name: Knaflic, Cole Nussbaumer,

372 ## - FIELD OF ACTIVITY

  • Field of activity: Narración de historias
  • Source of term: lcsh

373 ## - ASSOCIATED GROUP

  • Associated group: Google (Firm)
  • Source of term: naf

374 ## - OCCUPATION

  • Occupation: Autor

375 ## - GENDER

  • Gender: hombre

377 ## - ASSOCIATED LANGUAGE

  • Language code: eng

400 1# - SEE FROM TRACING--PERSONAL NAME

  • Personal name: Nussbaumer Knaflic, Cole

670 ## - SOURCE DATA FOUND

  • Source citation: Storytelling with data, 2015:
  • Information found: title page (Cole Nussbaumer Knaflic) cover (has been analyzing data and using it to tell stories for over a decade, through analytical roles in banking, private equity, and at Google)

670 ## - SOURCE DATA FOUND

  • Source citation: Storytelling with you, c2023:
  • Information found: t.p. (Cole Nussbaumer Knaflic) p. xi (Cole Nussbaumer Knaflic; founder and CEO of storytelling with data (SWD))